Open innovation in open source software

Komercializácia technologických prostriedkov. Uzavretá a otvorená inovácia. Výskum otvorenej inovácie. Charakteristika otvorenej inovácie. Význam pre slovenský inovačný trh.

Gespeichert in:
Bibliographische Detailangaben
1. Verfasser: Pelegrinová, Lenka, 1983-
Weitere Verfasser: Čižmárik, Martin
Format: Buchkapitel
Sprache:Englisch
Schlagworte:
Tags: Tag hinzufügen
Keine Tags, Fügen Sie das erste Tag hinzu!

MARC

LEADER 00000nla$a2200000$$$4500
001 0111773
005 20240502072234.8
041 0 |a eng 
044 |a SK 
245 1 0 |a Open innovation in open source software  |c Lenka Pelegrínová, Martin Čižmárik 
520 |a Komercializácia technologických prostriedkov. Uzavretá a otvorená inovácia. Výskum otvorenej inovácie. Charakteristika otvorenej inovácie. Význam pre slovenský inovačný trh. 
610 2 0 |a inovácia 
610 2 0 |a modely 
610 2 0 |a výskum 
610 2 0 |a vývoj 
610 2 0 |a technológie nové 
100 1 |a Pelegrinová, Lenka, 1983- 
700 1 |a Čižmárik, Martin